|
|
|
|
| LEADER |
01664nam a22004093i 4500 |
| 001 |
EBC7015409 |
| 003 |
MiAaPQ |
| 005 |
20231204023225.0 |
| 006 |
m o d | |
| 007 |
cr cnu|||||||| |
| 008 |
231204s2022 xx o ||||0 eng d |
| 020 |
|
|
|a 9783110709858
|q (electronic bk.)
|
| 035 |
|
|
|a (MiAaPQ)EBC7015409
|
| 035 |
|
|
|a (Au-PeEL)EBL7015409
|
| 035 |
|
|
|a (OCoLC)1333440774
|
| 040 |
|
|
|a MiAaPQ
|b eng
|e rda
|e pn
|c MiAaPQ
|d MiAaPQ
|
| 082 |
0 |
|
|a 660.0286
|
| 100 |
1 |
|
|a Kraume, Matthias.
|
| 245 |
1 |
0 |
|a Integrated Chemical Processes in Liquid Multiphase Systems :
|b From Chemical Reaction to Process Design and Operation.
|
| 250 |
|
|
|a 1st ed.
|
| 264 |
|
1 |
|a Berlin/Boston :
|b Walter de Gruyter GmbH,
|c 2022.
|
| 264 |
|
4 |
|c ©2022.
|
| 300 |
|
|
|a 1 online resource (624 pages)
|
| 336 |
|
|
|a text
|b txt
|2 rdacontent
|
| 337 |
|
|
|a computer
|b c
|2 rdamedia
|
| 338 |
|
|
|a online resource
|b cr
|2 rdacarrier
|
| 588 |
|
|
|a Description based on publisher supplied metadata and other sources.
|
| 590 |
|
|
|a Electronic reproduction. Ann Arbor, Michigan : ProQuest Ebook Central, 2023. Available via World Wide Web. Access may be limited to ProQuest Ebook Central affiliated libraries.
|
| 655 |
|
4 |
|a Electronic books.
|
| 700 |
1 |
|
|a Enders, Sabine.
|
| 700 |
1 |
|
|a Drews, Anja.
|
| 700 |
1 |
|
|a Schomäcker, Reinhard.
|
| 700 |
1 |
|
|a Engell, Sebastian.
|
| 700 |
1 |
|
|a Sundmacher, Kai.
|
| 776 |
0 |
8 |
|i Print version:
|a Kraume, Matthias
|t Integrated Chemical Processes in Liquid Multiphase Systems
|d Berlin/Boston : Walter de Gruyter GmbH,c2022
|
| 797 |
2 |
|
|a ProQuest (Firm)
|
| 856 |
4 |
0 |
|u https://ebookcentral.proquest.com/lib/matrademy/detail.action?docID=7015409
|z Click to View
|